Sustainable Economic Development and the European Green Deal Creating Energy Efficiency, Industrial Innovation, and Inclusive Growth
Gespeichert in:
| 1. Verfasser: | |
|---|---|
| Format: | Buch |
| Sprache: | Englisch |
| Veröffentlicht: |
Cham
Palgrave Macmillan
2026
|
| Ausgabe: | 1st Edition |
| Schlagworte: | |
| Tags: |
Keine Tags, Fügen Sie das erste Tag hinzu!
|
MARC
| LEADER | 00000nam a2200000 4500 | ||
|---|---|---|---|
| 001 | 0315335 | ||
| 005 | 20260323131111.0 | ||
| 020 | |a 9783032103260 | ||
| 041 | 0 | |a eng | |
| 044 | |a CH | ||
| 245 | 1 | 0 | |a Sustainable Economic Development and the European Green Deal |b Creating Energy Efficiency, Industrial Innovation, and Inclusive Growth |c Costinela Fortea |
| 250 | |a 1st Edition | ||
| 264 | 1 | |a Cham |b Palgrave Macmillan |c 2026 | |
| 300 | |a 649 s. | ||
| 500 | |a ProQuest e-books. | ||
| 610 | 2 | 0 | |a rozvoj trvalo udržateľný |
| 610 | 2 | 0 | |a udržateľnosť |
| 610 | 2 | 0 | |a Európska zelená dohoda |
| 610 | 2 | 0 | |a ekonomika zelená |
| 610 | 2 | 0 | |a energia zelená |
| 100 | 1 | |a Fortea, Costinela | |